000 00351nam a2200133Ia 4500
008 210210b1970 xxu||||| |||| 00| 0 eng d
082 _a950 BUDS
100 _aBUDDHA (Prakasha).
245 _aStudies in asian history and culture.
260 _aMeerut.
_bMeenakshi Prakashan.,
_c1970
300 _axxx,215
690 _aAsian History
906 _a033131
999 _c84041
_d84041